Could the NEC be widely used in New Zealand? (Record no. 81095)

MARC details
000 -LEADER
fixed length control field 01520cab a22002535a 4500
001 - CONTROL NUMBER
control field L146240
008 - FIXED-LENGTH DATA ELEMENTS--GENERAL INFORMATION
fixed length control field 081217s2008 xxk f 000 0 eng d
035 ## - SYSTEM CONTROL NUMBER
System control number (Sirsi) u146240
041 0# - LANGUAGE CODE
Language code of text/sound track or separate title eng
100 1# - MAIN ENTRY--PERSONAL NAME
Personal name Wilkinson, S
245 00 - TITLE STATEMENT
Title Could the NEC be widely used in New Zealand?
260 ## - PUBLICATION, DISTRIBUTION, ETC.
Date of publication, distribution, etc. 2008
490 #0 - SERIES STATEMENT
Series statement Proceedings of the Institution of Civil Engineers
-- Waste and Resource Management
Volume/sequential designation (161) August 2008, 107-113(7)
520 ## - SUMMARY, ETC.
Summary, etc. Considers the potential for the adoption of the UK NEC suite of contracts in New Zealand. Using a mix of in-depth and semi-structured interviews and an internet-based survey with senior construction industry personnel, investigated whether the drivers to change which resulted in the adoption of the NEC suite of contracts in the UK were present in New Zealand. Finds that, although some survey respondents considered the NEC beneficial, there are no significant drivers to facilitate its adoption. Concludes that there need to be improvements in project management and procurement practices before NEC could be adopted.
590 ## - LOCAL NOTE (RLIN)
Local note KA
590 ## - LOCAL NOTE (RLIN)
Local note BUILT ENVIRONMENT-BUILDING CONTRACT FORMS
590 ## - LOCAL NOTE (RLIN)
Local note HOUSING GRANTS, CONSTRUCTION AND REGENERATIONACT 1996
590 ## - LOCAL NOTE (RLIN)
Local note NEW ENGINEERING CONTRACT (NEC)
650 24 - SUBJECT ADDED ENTRY--TOPICAL TERM
Topical term or geographic name entry element CONDITIONS OF CONTRACT FOR BUILDING AND CIVIL ENGINEERING CONSTRUCTION (NEW ZEALAND)
651 #4 - SUBJECT ADDED ENTRY--GEOGRAPHIC NAME
Geographic name New Zealand
Chronological subdivision 1947-
690 ## - LOCAL SUBJECT ADDED ENTRY--TOPICAL TERM (OCLC, RLIN)
Topical term or geographic name as entry element BUILT ENVIRONMENT-CONSTRUCTION MANAGEMENT-BUILDING CONTRACT ADMINISTRATION
700 1# - ADDED ENTRY--PERSONAL NAME
Personal name Farhi, C
942 ## - ADDED ENTRY ELEMENTS (KOHA)
Suppress in OPAC 0
Holdings
Withdrawn status Lost status Source of classification or shelving scheme Damaged status Not for loan Home library Current library Shelving location Date acquired Total Checkouts Full call number Barcode Date last seen Copy number Price effective from Koha item type
    Dewey Decimal Classification     London London Journal article 17/12/2008   L146240 146240-1001 06/08/2019 1 06/08/2019 Journal article